000 00296nam a22001337a 4500
008 180925b xxu||||| |||| 00| 0 eng d
020 _a9780873528085
041 _aeng
080 _a821`
100 _a23
101 _aGJU
245 _aLiterary Research Guide
_cHarner.J/L
942 _2udc
_cBK
999 _c48440
_d48440